000 00427nam a2200157Ia 4500
008 210716s2015 xx 000 0 und d
020 _a9788120351219
041 _aeng
082 _a658.56 KHAR
100 _aKhanna, R B.
245 _aProduction and operations management.
250 _a2
260 _aNew Delhi
_bPHI Learning private limited.
_c2015
300 _axvi,609
650 _aProduction & Operations Management
999 _c209824
_d209824